| 000 | 00000nam##2200000za#4500 |
| 001 | 9.640546 |
| 003 | CaOODSP |
| 005 | 20250506145323 |
| 007 | cr ||||||||||| |
| 008 | 150407|1989||||xxc|||||o f|0| 0 fre|d |
| 040 | |aCaOODSP|bfre |
| 043 | |an-cn--- |
| 086 | 1 |aA53-1477/1989F-PDF |
| 110 | 1 |aCanada.|bAgriculture Canada. |
| 245 | 13|aLa production du bleuet nain / |h[ressource électronique]|c[par] C.R. Blatt ... [et al.] |
| 250 | |aRévision |
| 260 | |aOttawa - Ontario : |bAgriculture Canada |cc1989. |
| 300 | |a64p.|bfigures, tableaux, photographies |
| 500 | |aLe n° de catalogue (A53-1477/1989F) et l'ISBN (0-662-95585-4) de l'édition imprimée ont été copiés dans la version PDF. |
| 590 | |a12-32-Supp|b2012-07-11 |
| 720 | 1 |aBlatt, C. R. |
| 856 | 40|ahttp://publications.gc.ca|qPDF|s6095 Ko|uhttps://publications.gc.ca/collections/collection_2012/agr/A53-1477-1989-fra.pdf |
| 986 | |aPublication 1477/F |